Science Quiz

Random Science or Animal Quiz
Score 0/10 Timer 04:00
0 Plays Today
# Body Part % Correct
1Dorsal Fin
93.4%
3Caudal Fin
75.8%
4Gill Cover
75.6%
9Anal Fin
72.9%
5Pectoral Fin
72.8%
8Lateral Line
69.8%
7Pelvic Fins
65.2%
6Scales
48.8%
2Adipose Fin
48.6%
10Rays
34.8%
Remove Ads.
Support Sporcle.
Get the best of Sporcle when you Go Orange. This ad-free experience offers more features, more stats, and more fun while also helping to support Sporcle. Thank you for becoming a member.

You're not logged in!

Compare scores with friends on all Sporcle quizzes.
OR
Log In

Show Comments

Extras

Top Quizzes Today


Score Distribution

Your Account Isn't Verified!

In order to create a playlist on Sporcle, you need to verify the email address you used during registration. Go to your Sporcle Settings to finish the process.

Report this User

Report this user for behavior that violates our Community Guidelines.

Details: